| 000 | 00335cam a2200133ua 4500 | ||
|---|---|---|---|
| 020 | _a9789332508248 | ||
| 082 |
_a690. _bMCK/BU |
||
| 100 |
_aMckay, W. B . _91110 |
||
| 245 | _aBuilding Construction, vol-3 / - Mertric Edition | ||
| 250 | _a1 / 5 | ||
| 260 |
_aLondon : _bLongman , Pearson _c2013 |
||
| 300 | _a165 ;/162 . | ||
| 942 | _cBK | ||
| 999 |
_c3181 _d3181 |
||